Rushdie the novelist: (Record no. 27204)

MARC details
000 -LEADER
fixed length control field 02745nam a22003737a 4500
005 - DATE AND TIME OF LATEST TRANSACTION
control field 20090604114529.0
008 - FIXED-LENGTH DATA ELEMENTS--GENERAL INFORMATION
fixed length control field 090604t xxu||||| |||| 00| 0 eng d
010 ## - LCCN (DPL NO)
LC control number ENG-93882
020 ## - INTERNATIONAL STANDARD BOOK NUMBER
International Standard Book Number 8185723954
Terms of availability 695.00
035 ## - SYSTEM CONTROL NUMBER
System control number EN-77415
035 ## - SYSTEM CONTROL NUMBER
System control number B-360994-361001
037 ## - SOURCE OF ACQUISITION
Source of stock number/acquisition DBAD / PUB
037 ## - SOURCE OF ACQUISITION
Source of stock number/acquisition PUB
040 ## - CATALOGING SOURCE
Original cataloging agency dpl
Language of cataloging English
082 ## - DEWEY DECIMAL CLASSIFICATION NUMBER
Classification number 883.092
245 ## - TITLE STATEMENT
Title Rushdie the novelist:
Statement of responsibility, etc edited by Meenakshi Bharat
Remainder of title from Grimus to the enchantress of florence /
260 ## - PUBLICATION, DISTRIBUTION, ETC. (IMPRINT)
Place of publication, distribution, etc New Delhi
Name of publisher, distributor, etc Pencraft International
Date of publication, distribution, etc 2009
270 ## - ADDRESS
Address 4262/3, Ansari Road, Darya Ganj,
City New Delhi
Postal code 110002
300 ## - PHYSICAL DESCRIPTION
Extent 332p.
Dimensions 22cm(Hb)
500 ## - GENERAL NOTE
General note Includes index
600 ## - SUBJECT ADDED ENTRY--PERSONAL NAME
Personal name Rushdie, Salman
General subdivision Criticism and interpretation
700 ## - ADDED ENTRY--PERSONAL NAME
Personal name Bharat, Meenakshi
942 ## - ADDED ENTRY ELEMENTS (KOHA)
Source of classification or shelving scheme Dewey Decimal Classification
Item type English Books
Call number suffix RUS
Classification part 883.092
Holdings
Withdrawn status Lost status Source of classification or shelving scheme Damaged status Not for loan Collection code Home library Current library Date acquired Source of acquisition Cost, normal purchase price Total Checkouts Full call number Barcode Date last seen Copy number Cost, replacement price Koha item type
    Dewey Decimal Classification     Non-fiction Central Library Central Library 16/04/2010 Pencraft International/4660/26.10.09/130/16.10.09/26.10.09 695.00 2 883.092 RUS B-360994 17/11/2019 1 695.00 English Books
    Dewey Decimal Classification   Not For Loan Non-fiction D.B.Act.Division D.B.Act.Division 04/06/2009 DBAD / PUB 695.00   883.092 RUS EN-77415 04/06/2009 1 695.00 English Books
    Dewey Decimal Classification     Non-fiction Janak Puri Janak Puri 16/04/2010 Pencraft International/4660/26.10.09/130/16.10.09/26.10.09 695.00 5 883.092 RUS B-360996 03/04/2018 1 695.00 English Books
    Dewey Decimal Classification     Non-fiction Karol Bagh Karol Bagh 16/04/2010 Pencraft International/4660/26.10.09/130/16.10.09/26.10.09 695.00   883.092 RUS B-360999 16/04/2010 1 695.00 English Books
    Dewey Decimal Classification     Non-fiction Patel Nagar Patel Nagar 16/04/2010 Pencraft International/4660/26.10.09/130/16.10.09/26.10.09 695.00   883.092 RUS B-360995 16/04/2010 1 695.00 English Books
    Dewey Decimal Classification     Non-fiction Sarojini Nagar Sarojini Nagar 16/04/2010 Pencraft International/4660/26.10.09/130/16.10.09/26.10.09 695.00 1 883.092 RUS B-360997 09/01/2021 1 695.00 English Books
    Dewey Decimal Classification     Non-fiction Shahdara Branch Shahdara Branch 16/04/2010 Pencraft International/4660/26.10.09/130/16.10.09/26.10.09 695.00   883.092 RUS B-361000 16/04/2010 1 695.00 English Books
    Dewey Decimal Classification     Non-fiction Vinoba Puri Vinoba Puri 16/04/2010 Pencraft International/4660/26.10.09/130/16.10.09/26.10.09 695.00   883.092 RUS B-360998 16/04/2010 1 695.00 English Books
    Dewey Decimal Classification     Non-fiction Yojana Vihar Yojana Vihar 16/04/2010 Pencraft International/4660/26.10.09/130/16.10.09/26.10.09 695.00   883.092 RUS B-361001 16/04/2010 1 695.00 English Books

© Delhi Public Library
Hit Counter
free hit counter